00265nam a2200109Ia 4500008004100000082001500041100001600056245002800072260003200100300000800132650001500140191201s2012 xx 000 0 und d a621.4bSHP aSHARMA, P.C 0aPower Plant Engineering aN. DelhibS.K.Katariac2012 a730 aB.Tech(ME)